000 00359nam a2200133Ia 4500
008 220204s9999 xx 000 0 und d
082 _a578:581
_bKAD;1
100 _aAGRAWAL, Han O
245 0 _aPrinciples and techinques in plant virology.
260 _aNew York
_bVan Nostrand
_c1972
650 _aPlant virology
700 _aKADO, ClarenceI
942 _cBK
999 _c26871
_d26871